000 00520nam a2200193Ia 4500
005 20250508152615.0
008 008 250505s9999 xx 000 0 eng d
037 _aTextual
040 _aFEDL
_beng
_cFEDL
041 _aeng
_2eng
084 _a380, DAN
_qFEDL
100 _aDance E H
_995901
245 0 _aTrading and travelling
260 _aLondon, UK
_bLongmans, Green and Co.
_c1952
300 _a60p
490 _aMan's heritage series
942 _cTEXL
_h380, DAN
999 _c1337570
_d1337570